Pohoda

Bibliographic Details
Main Author: Sirotný, Juraj (Author)
Format: Article
Language:Slovak
ISSN:1335-3470
Subjects:
Online Access:http://www.kultura-fb.sk/new/old/archive/pdf/kult1510.pdf

MARC

LEADER 00000nab a2200000 a 4500
001 vtls010183692
003 SK-MaSNL
005 20260303210321.0
008 140512c2010 xo ||||||||||||00 b|slo
015 |a SNBRB2010/10  |2 snkbucl 
038 |a SNKBUCL 
040 |a SNKBUCL  |b slo  |c SNKBUCL  |e AACR2 
041 0 |a slo 
044 |a xo  |c SK 
080 |a 78.079  |x (437.6)  |2 2001 
100 1 |a Sirotný, Juraj  |4 aut  |9 1241865 
245 1 0 |a Pohoda  |c Juraj Sirotný 
611 2 7 |a Pohoda  |n (14. :  |d 2010 :  |c Trenčín, Slovensko)  |2 snkbucl  |9 1241866 
650 0 7 |a hudobné festivaly  |2 snkbucl  |9 2958 
651 7 |a Trenčín (Slovensko)  |2 snkbucl  |9 159956 
655 7 |a úvahy  |2 snkbucl  |9 29403 
773 0 |t Kultúra  |g Roč. XIII, č. 15 (2010), s. 2  |x 1335-3470 
852 |a SNK  |b KIS3GCP 
856 4 1 |u http://www.kultura-fb.sk/new/old/archive/pdf/kult1510.pdf 
999 |c 2199767  |d 2201697